000 00268nam a22001097a 4500
082 _a954.912 LAM'A
100 _aLAMB, ALASTAIR
_91758
245 _aASIAN FRONTIERS STUDIES IN A CONTINUING PROBLEM
260 _aLONDON
_bPALL MALL
_c1968
300 _a246P
942 _cBK
999 _c584136
_d584136